000 00346nam a2200145Ia 4500
008 150201s2009 xx 000 0 und d
082 _a618
_bI09R
100 _aRAO, KAMINI A.
245 _aTHE INFERTILITY MANUAL
250 _a3RD
260 _bJAYPEE BROTHERS
_aDELHI
_c2009
300 _a1-648
650 _aOBST & GYNAECOLOGY
942 _2ddc
_cBK
999 _c184
_d184